000
00243 a2200097 4500
001
34628
100
_a
Vlach, Jiri
245
_a
computer methods for circuit analysis and design
260
_a
ND
_b
Dreamtech Press
_c
1986
090
_c
22911
_d
22911
942
_a
NUST-CAE
_c
M
_c
14349
999
_c
269701
_d
269701